000 00650nam a22002417a 4500
003 UA-OsUOA
001 60255
007 ta
008 20090513b un ||||| |||| 00| 0 ukr d
100 _aСмирнов С.Н.
090 _a004.65
_bС50
942 _cBK
040 _aUA-OsUOA
_brus
_cUA-OsUOA
_dUA-OsUOA
245 _aБезопасность систем баз данных
300 _a352 с.
955 _a2
041 _arus
080 _a004.65
020 _a978-5-85438-163-5
260 _aМ.
_bГелиос-АРВ
_c2007
650 7 _a00 Загальні питання науки і культури
_2UDC
999 _c346021
_d346021